Tidal waves and flooding

Bibliographic Details
Main Author: Walker, Jane
Format: Book
Published: London : Gloucester Press , 1992
Series:Natural disasters
Subjects:

MARC

LEADER 00000cam a2200000 7i4500
001 0000005539
002 000005989
005 20000330.0
020 |a 0749607602 
090 0 0 |a J 904   |b WAL 
100 1 |a Walker, Jane 
245 1 0 |a Tidal waves and flooding   |c Jane Walker 
260 |a London :   |b Gloucester Press ,   |c 1992 
300 |a 32p ;   |c 29cm. 
490 0 |a Natural disasters 
650 0 0 |a Floods   |x Juvenile literature 
999 |a 026956   |b BUKU   |c PINJAMAN   |e PERPUSTAKAAN KOMUNITI PETALING JAYA